Mastering MATLAB 7 (Record no. 5714)

MARC details
000 -LEADER
fixed length control field 00432nam a2200169Ia 4500
003 - CONTROL NUMBER IDENTIFIER
control field SGT
020 ## - INTERNATIONAL STANDARD BOOK NUMBER
International Standard Book Number 9788131707432
082 ## - DEWEY DECIMAL CLASSIFICATION NUMBER
Classification number 510.2855369
Item number HAN
100 ## - MAIN ENTRY--PERSONAL NAME
Personal name Hanselman, Duane C
245 ## - TITLE STATEMENT
Title Mastering MATLAB 7
260 ## - PUBLICATION, DISTRIBUTION, ETC. (IMPRINT)
Name of publisher, distributor, etc Pearson
Place of publication, distribution, etc N.Delhi
Year of Publication 2008
300 ## - PAGE DESCRIPTION
No. of Pages 864p.
650 ## - SUBJECT ADDED ENTRY--TOPICAL TERM
Topical term or geographic name as entry element COMPUTER SCIENCE
653 ## - KEYWORDS--INDEX TERM
Keyword term GETTING STARTED STARTED, BASIC FEATURES, THE MATLAB DESKTOP
700 ## - ADDED ENTRY--PERSONAL NAME
Personal name Littlefield, Bruce
942 ## - ADDED ENTRY ELEMENTS (KOHA)
Source of classification or shelving scheme Dewey Decimal Classification
Koha item type Books
Holdings
Withdrawn status Lost status Source of classification or shelving scheme Damaged status Not for loan Home library Current library Date acquired SGTU Total Checkouts Full call number Accession No. (Barcode) Date last seen Bill Date Koha item type
    Dewey Decimal Classification     SGT Engineering Library SGT Engineering Library 05/08/2014 SGTU   510.2855369 HAN FE6326 09/02/2015 09/02/2015 Books